Normal view
MARC view
- Ross, Charless
Entry Personal Name
001 - CONTROL NUMBER
- control field: 50373
003 - CONTROL NUMBER IDENTIFIER
- control field: NUST
005 - DATE AND TIME OF LATEST TRANSACTION
- control field: 20210314134619.0
008 - FIXED-LENGTH DATA ELEMENTS
- fixed length control field: 210314|| aca||aabn | a|a d
040 ## - CATALOGING SOURCE
- Original cataloging agency: NUST
- Transcribing agency: NUST
100 ## - HEADING--PERSONAL NAME
- Personal name: Ross, Charless
670 ## - SOURCE DATA FOUND
- Source citation: Work cat.: (NUST): Ross, Charless, An outline of the Russo-Japanese war, 1912
